000 00533nam a2200181 a 4500
005 20140310183142.0
008 021119s19uu xx 00 eng d
050 _aHD 58.9
_b.D39 2000
100 _aDe Guia, Florence
245 _aCulture change :
_bkey to organization development /
_cFlorence De Guia.
260 _aMakati City :
_bFlorencede de Guia & Associates,
_c2000.
300 _a174 p. :
_c20 cm.
521 _aBSBA
650 _aManaging change
650 _aCulture change
942 _cBK
_2lcc
_kLOC
999 _c19442
_d19442